000 00272nam a2200085Ia 4500
008 160531s9999 xx 000 0 und d
245 _aMitochondrial Replacement Techniques
260 _c2016
856 _uhttp://www.ncbi.nlm.nih.gov/books/NBK355454/pdf/Bookshelf_NBK355454.pdf
999 _c295306
_d295306